• 首页
  • 本馆介绍
  • 公告通知
  • 最新文献
  • 馆藏检索
  • 电子资源
  • 读者导购
  • 参考咨询
  • 我的图书馆
  • 登录
  • 详细信息显示
  • 放入我的书架
  • 预约/预借图书
  • 作者相关作品
  • 分类相关作品
  • 丛书相关作品
  • 出版社相关作品

书目信息

  • 表格格式
  • 工作单格式
  • 卡片格式
题名:
月经病防治疗法274
    
 
作者: 杨慧 , 张桂玲 主编
分册:  
出版信息: 长春   时代文艺出版社  2000
页数: 256页
开本: 20cm
丛书名: 中国家庭自诊自疗自养
单 册:
中图分类: R711.51
科图分类:
主题词: 妇科病 , 妇科学
电子资源:
ISBN: 7-5387-1379-4
000 00716nam0 2200241 450
001 0738916923
005 20070730144318.37
010    @a7-5387-1379-4@dCNY10.00
100    @a20070729d2000 km y0chiy0120 ea
101 0  @achi
102    @aCN@b220000
200 1  @a月经病防治疗法274@Ayue jing bing fang zhi liao fa 274@f杨慧,张桂玲主编@Fyang hui,zhang gui ling zhu bian
210    @a长春@c时代文艺出版社@d2000
215    @a256页@d20cm
225    @a中国家庭自诊自疗自养
410  0 @12001 @a中国家庭自诊自疗自养
606 0  @a妇科病
606 0  @a妇科学
690    @aR711.51@v3
701  0 @a杨慧@Ayang hui@4主编
701  0 @a张桂玲@Azhang gui ling@4主编
801  0 @aCN@bPFT@c20070730
905    @a10447@dR711.51@e23
    
    月经病防治疗法274/杨慧,张桂玲主编.-长春:时代文艺出版社,2000
    256页;20cm.-(中国家庭自诊自疗自养)
    
    
    ISBN 7-5387-1379-4:CNY10.00
    
●
相关链接 在E读中查询图书 在五车中查询图书 在当当中查询图书 在豆瓣中查询图书


正题名:月经病防治疗法274     索取号:R711.51/23         预约/预借

序号 登录号 条形码 馆藏地/架位号 状态 备注
1 0789780   207897800   第二样本阅览室/ [索取号:R711.51/23] 在馆    
2 0789781   207897819   第三借阅区/ [索取号:R711.51/23] 在馆    
3 0789782   207897828   第三借阅区/ [索取号:R711.51/23] 在馆    
4 0789783   207897837   第三借阅区/ [索取号:R711.51/23] 在馆    
5 0789784   207897846   第三借阅区/ [索取号:R711.51/23] 在馆    
唐山师范学院图书馆 欢迎您!
大连网信软件有限公司© 版权所有